000 00298nam a22001337a 4500
008 170404b xxu||||| |||| 00| 0 eng d
020 _a9780534165604
041 _aeng
080 _27TH
_a574
100 _a9
101 _aSHM
245 _aLIVING IN THE ENVIRONMENT
_cMILLER, G.T
942 _2udc
_cBK
999 _c9678
_d9678